Essentials of patient education / (Record no. 283851)
[ view plain ]
| 000 -LEADER | |
|---|---|
| fixed length control field | 02190cam a22003734a 4500 |
| 001 - CONTROL NUMBER | |
| control field | 13771075 |
| 003 - CONTROL NUMBER IDENTIFIER | |
| control field | PILC |
| 005 - DATE AND TIME OF LATEST TRANSACTION | |
| control field | 20150826134143.0 |
| 008 - FIXED-LENGTH DATA ELEMENTS--GENERAL INFORMATION | |
| fixed length control field | 041101s2006 maua b 001 0 eng |
| 010 ## - LIBRARY OF CONGRESS CONTROL NUMBER | |
| LC control number | 2004026030 |
| 020 ## - INTERNATIONAL STANDARD BOOK NUMBER | |
| International Standard Book Number | 9789719316633 |
| 035 ## - SYSTEM CONTROL NUMBER | |
| System control number | (DNLM)101233181 |
| 040 ## - CATALOGING SOURCE | |
| Original cataloging agency | DNLM/DLC |
| Transcribing agency | DLC |
| Modifying agency | DLC |
| 042 ## - AUTHENTICATION CODE | |
| Authentication code | pcc |
| 050 00 - LIBRARY OF CONGRESS CALL NUMBER | |
| Classification number | RT 90 |
| Item number | .E85 2006 |
| 060 10 - NATIONAL LIBRARY OF MEDICINE CALL NUMBER | |
| Classification number | WY 18 |
| Item number | E785 2006 |
| 082 00 - DEWEY DECIMAL CLASSIFICATION NUMBER | |
| Classification number | 615.5/071 |
| 245 00 - TITLE STATEMENT | |
| Title | Essentials of patient education / |
| Statement of responsibility, etc | edited by Susan B. Bastable. |
| 260 ## - PUBLICATION, DISTRIBUTION, ETC. (IMPRINT) | |
| Place of publication, distribution, etc | Sudbury, MA : |
| Name of publisher, distributor, etc | Jones and Bartlett Publishers, |
| Date of publication, distribution, etc | 2006. |
| 300 ## - PHYSICAL DESCRIPTION | |
| Extent | xviii, 502 pages : |
| Other physical details | illustrations ; |
| Dimensions | 23 cm. |
| 500 ## - GENERAL NOTE | |
| General note | Includes bibliographical references and index. |
| 505 0# - FORMATTED CONTENTS NOTE | |
| Formatted contents note | Overview of education in health care / Susan B. Bastable -- Ethical, legal, and economic foundations of the educational process / M. Janice Nelson -- Applying learning theories to health care / Margaret M. Braungart and Richard G. Braungart -- Determinants of learning / Sharon Kitchie -- Developmental stages of the learner / Susan B. Bastable and Michelle A. Rinwalske -- Motivation, compliance, and health behaviors of the learner / Eleanor Richards and Wendy Sayward -- Literacy in the adult patient population / Susan B. Bastable -- Gender, socioeconomic, and cultural attributes of the learner / Susan B. Bastable -- Special populations / Kay Viggiani -- Behavioral objectives / Ssusan B. Bastable and Julie Doody -- Teaching methods and instructional settings / Kathleen Fitzgerald -- Instructional materials / Diane S. Hainsworth -- Technology in education / Deborah L. Sopczyk -- Evaluation in healthcare education / Priscilla Sandford Worral. |
| 650 #0 - SUBJECT ADDED ENTRY--TOPICAL TERM | |
| Topical term or geographic name as entry element | Patient education. |
| 650 #0 - SUBJECT ADDED ENTRY--TOPICAL TERM | |
| Topical term or geographic name as entry element | Nursing. |
| 650 12 - SUBJECT ADDED ENTRY--TOPICAL TERM | |
| Topical term or geographic name as entry element | Education, Nursing |
| General subdivision | methods. |
| 650 22 - SUBJECT ADDED ENTRY--TOPICAL TERM | |
| Topical term or geographic name as entry element | Learning. |
| 650 22 - SUBJECT ADDED ENTRY--TOPICAL TERM | |
| Topical term or geographic name as entry element | Patient Education |
| General subdivision | methods. |
| 650 22 - SUBJECT ADDED ENTRY--TOPICAL TERM | |
| Topical term or geographic name as entry element | Teaching. |
| 700 1# - ADDED ENTRY--PERSONAL NAME | |
| Personal name | Bastable, Susan Bacorn. |
| 856 41 - ELECTRONIC LOCATION AND ACCESS | |
| Materials specified | Table of contents |
| Uniform Resource Identifier | <a href="http://www.loc.gov/catdir/toc/ecip053/2004026030.html">http://www.loc.gov/catdir/toc/ecip053/2004026030.html</a> |
| 906 ## - LOCAL DATA ELEMENT F, LDF (RLIN) | |
| a | 7 |
| b | cbc |
| c | orignew |
| d | 1 |
| e | ecip |
| f | 20 |
| g | y-gencatlg |
| 942 ## - ADDED ENTRY ELEMENTS (KOHA) | |
| Source of classification or shelving scheme | Library of Congress Classification |
| Koha item type | Books |
| Withdrawn status | Lost status | Source of classification or shelving scheme | Damaged status | Home library | Current library | Shelving location | Date acquired | Source of acquisition | Sub Shelving location | Total Checkouts | Full call number | Barcode | Date last seen | Price effective from | Koha item type | Total Renewals | Date checked out |
|---|---|---|---|---|---|---|---|---|---|---|---|---|---|---|---|---|---|
| Library of Congress Classification | College Library | College Library | General Circulation Section | 08/26/2015 | Donation | 2 | RT 90 .E85 2006 | C19808 | 03/10/2020 | 08/26/2015 | Books | 10 | 02/13/2020 | ||||
| Library of Congress Classification | Southville International School Affiliated with Foreign Universities Library | Southville International School Affiliated with Foreign Universities Library | Southville Foreign University Section | 05/06/2015 | Library Fund | RT 90 .E85 2006 | SFU1880 | 05/15/2018 | 05/06/2015 | Books |